Statistics for Top 15 Countries with Covid-19 Deaths - 24 Feb 2021

Click here to take the quiz!

General Stats

  • This quiz has been taken 14 times
  • The average score is 16 of 24

Answer Stats

country% Correct
Brazil
100%
France
100%
Italy
100%
Mexico
100%
United Kingdom
100%
United States
100%
Argentina
92%
Germany
92%
Russia
92%
India
85%
Spain
85%
Iran
62%
Portugal
62%
South Africa
62%
Belgium
54%
Colombia
54%
Czechia
54%
Peru
54%
Bosnia and
Herzegovina
23%
Croatia
23%
Hungary
23%
North Macedonia
23%
Bulgaria
15%
Slovenia
15%

Score Distribution

Percentile by Number Answered

Percent of People with Each Score

Your Score History

You have not taken this quiz